Giscard d'Estaing et nous /

Sábháilte in:
Sonraí bibleagrafaíochta
Príomhchruthaitheoir: La Fournière, Xavier de
Formáid: LEABHAR
Teanga:French
Foilsithe / Cruthaithe: [Paris] : Plon, c1976.
Ábhair:
LEADER 00884nam a2200241 i 4500
001 c000330931
003 CARM
005 00000000000000.0
008 760704s1976 fr 00010bfre
015 |a F*** 
019 1 |a 810567  |5 LACONCORD2021 
020 |a 2259000304 :  |c 48.00F 
035 |a (OCoLC)2186130  |5 LACONCORD2021 
050 0 0 |a DC419.G57  |b L34 
100 1 |a La Fournière, Xavier de. 
245 1 0 |a Giscard d'Estaing et nous /  |c Xavier de La Fournière ; pref. de Raymond Tournoux. 
260 |a [Paris] :  |b Plon,  |c c1976. 
300 |a xxxvii, 281 p. ;  |c 24 cm. 
600 2 0 |a Giscard d'Estaing, Valéry,  |d 1926- 
852 8 |b CARM  |h A1:AN02E0  |i C09566  |p 0406720  |f BK 
082 0 4 |a 944.083/092/4  |a B 
999 f f |i 63973f1a-4a55-5bba-8ce5-f2ab754c7e68  |s 6843b066-2674-5bc2-9057-853ad136af5c 
952 f f |p Can circulate  |a CAVAL  |b CAVAL  |c CAVAL  |d CARM 1 Store  |e C09566  |f A1:AN02E0  |h Other scheme  |i book  |m 0406720